Villes traversées par l'autoroute A26 - autoroute des anglais - Statistiques

Statistiques générales
  • Ce quiz a été pris 33 fois
  • Le résultat moyen est 10 sur 14
Statistiques - réponses
ville population kilomètre % Correct
Calais 63 418 0
97%
Reims 177 236 262
93%
Laon 24 021 213
87%
Lens 33 806 87
87%
Saint-Quentin 52 958 170
87%
Troyes 63 728 387
87%
Arras 43 631 98
77%
Châlons-en-Champagne 43 877 308
77%
Béthune 24 992 72
73%
Saint-Omer 14 838 31
70%
Cambrai 30 677 135
57%
Bruay-la-Buissière 21 827 72
47%
Liévin 29 610 87
40%
Tergnier 13 270 192
33%
Aucun quiz correspondant
Distribution des résultats
% des personnes avec chaque résultat
Percentile par nombre de réponses
Votre historique - résultats
Vous n’avez pas pris ce quiz